000 01362nam0a22003131 4500
001 rc\2255011
005 20250623100452.0
035 _a(NLR Aleph) 006713855
090 _a5371405
_c5371405
100 _a20110829d1979 |||y0rusy50 ca
101 0 _arus
102 _aRU
105 _ay z |||||
200 1 _aПравовые вопросы совершенствования организационных структур управления отраслью
210 _aМосква
_cИнформэлектро
_d1979
215 _a37 с.
_d21
225 1 _aТС-33 "Общеотраслевые вопросы электропромышленности"
_eОбзор. информ.
_fВНИИ информ. и техн.-экон. исслед. в электротехнике
300 _aАвт. указаны на 2-й с. обл.
320 _aБиблиогр.: с. 35-36 (32 назв.)
606 _aЭлектротехническая промышленность СССР
_xУправление
_xПравовые основы
_2psbo
700 1 _aКатрич
_bС.В.
_gСергей Владимирович
701 1 _aВихарев
_bА.А.
801 0 _aRU
_bNLR
_gpsbo
801 1 _aRU
_bELAR
_2rusmarc
852 _aNLR
_j80-6/723
899 _aRuMoRGB
_jB 79-52/1049
899 _aRuMoRGB
_jB 79-52/1050
942 _cBOOK
980 _aNB